| 000 | 00929nam a2200301 4500 | ||
|---|---|---|---|
| 003 | EG-GICUC | ||
| 005 | 20260404214533.0 | ||
| 008 | 26040411969 us ||||f||| |||| 00| 0 eng d | ||
| 020 | _a136438822 | ||
| 040 |
_aEG-GiCUC _beng _cEG-GiCUC _dEG-GiCUC _erda |
||
| 043 | _an-us--- | ||
| 082 | 0 | 4 |
_221 _a343.632 |
| 092 | 0 | 4 | _221 |
| 099 | _aLaw1 10 343.632 SC.O 1969 | ||
| 100 | 1 | _aSchur, Edwin M. | |
| 245 | 1 | 0 |
_aOur criminal society; _bthe social and legal sources of crime in America / _c[by] Edwin M. Schur. |
| 264 |
_aEnglewood Cliffs, N.J., _bPrentice-Hall _c[1969] |
||
| 300 |
_a 244 pages : _c24 cm |
||
| 336 |
_2rda content _atext |
||
| 337 |
_2rda media _aComputer |
||
| 338 |
_2rda carrier _aOnline Resource |
||
| 504 | _aBibliographical footnotes. | ||
| 650 | 1 | 4 |
_aCrime _2qrmak |
| 651 | 1 | _2qrmak | |
| 856 | 4 | 0 | _uhttps://fll.law.cu.edu.eg/fulltext/bks/B10-08193.pdf |
| 905 | _a17 | ||
| 942 |
_2ddc _n0 _cBK _e21 |
||
| 999 |
_c68842 _d68842 |
||